City by clue #1 - Statistics

General Stats
  • This quiz has been taken 22 times
  • The average score is 20 of 25
Answer Stats
Questions Answer % Correct
18) Home to Buckingham Palace, Big Ben, and the Shard London
100%
1) Was once called New Amsterdam by Dutch settlers, now the largest in the US New York City
100%
4) This Canadian city is home to the CN tower and the Blue Jays Toronto
100%
10) Home to the Parthenon, amphitheater, and the birthplace of democracy Athens
95%
7) The Burj Khalifa, the tallest tower in the world, is located in this Emirates city Dubai
95%
25) This Southern city is home to jazz music, the French Quarter, and the MardiGras celebration New Orleans
95%
6) This Italian city is built on small islands and use waterwaysand gondolas for transportation Venice
95%
23) Largest city in New Zealand on the north island Auckland
90%
11) Home to the Hagia Sophia mosque and the continental borderof Europe and Asia Istanbul
90%
3) the Aztec capital of Tenochtitlan is what this capitalwas built on Mexico City
90%
14) Major Italian city closest to Mt Vesuvius and the ruins of Pompeii Naples
90%
2) Sites include Christ the Redeemer, Copacabana beach,and its popular nightlife Rio De Janeiro
90%
8) Formerly called Bombay Mumbai
86%
21) Home to the Potomac river, Fords theater, the Lincoln Memorial, andthe Smithsonian museum Washington DC
86%
12) Often called the "Paris of the Middle East" Beirut
81%
16) Largest city in Quebec, a French Canadian hub on the St Lawrence River Montreal
76%
5) This city houses the site where thousands of terracotta warriors were uncovered of emperor Shi Huang Xian
76%
17) Fast growing capital on the Persian Gulf, the main financial and economic hub of Qatar Doha
71%
15) This capital city lies almost 12,000 ft above sea level high inthe Andes La Paz
71%
19) Central Honshu city, 2nd largest in Japan Osaka
71%
9) Coastal Pakistani city, the largest in the country Karachi
62%
22) This city in far northern Queensland is considered the gateway to the Great Barrier Reef Cairns
57%
24) This ski town with no cars overlooks the Matterhorn in southern Switzerland Zermatt
48%
13) Colombian port city on the Caribbean coast, founded in the16th century Cartagena
38%
20) Historic city in central Bulgaria with Roman ruins/architecture Plovdiv
38%
No matching quizzes found
Score Distribution
Percent of People with Each Score
Percentile by Number Answered
Your Score History
You have not taken this quiz